| 000 | 00594nam a2200181 a 4500 | ||
|---|---|---|---|
| 005 | 20241211063729.0 | ||
| 008 | 991125s1934 es 000 0 spa u | ||
| 035 | _aUPN01000003306 | ||
| 049 | _aCG | ||
| 050 | 4 |
_aGV361 _bP4.28 |
|
| 100 | 1 | _aPetre Lazar, C. | |
| 245 | 1 | 3 |
_aLa antropometría y los ejercicios escolares : _bcontribución al estudio de la educación física / _cC. Petre-Lazar ; tr. M. Medina Bravo. |
| 260 |
_aMadrid : _bEspasa-Calpe, _c1934. |
||
| 300 | _a128 p. | ||
| 650 | 4 |
_aAntropometría _96478 |
|
| 650 | 4 |
_aEducación física _xEstudio y enseñanza _94839 |
|
| 905 | _aLibro | ||
| 999 |
_c3306 _d3306 |
||